| 000 | 00395nam a2200145 a 4500 | ||
|---|---|---|---|
| 001 | 000029951 | ||
| 005 | 20200930055932.0 | ||
| 008 | 110427s2008 dr ac 000 0 spa d | ||
| 040 |
_aDO-SdBNP _bspa _cBNPHU |
||
| 082 |
_axxxx _bC965 |
||
| 245 | 0 | 0 | _aCuerpo especilizado en seguridad aeroportuaria. |
| 260 |
_aSanto Domingo : _bNomara, _c[2008]. |
||
| 300 |
_a15 p. : _bil., retrs. |
||
| 049 | _aBNPD | ||
| 999 |
_c29443 _d29443 |
||